000 01286cam a22003497a 4500
003 CHAP
005 20220817043252.0
008 971013s1988 r 00010 d
010 _a70006
011 _a70978
035 _a80532
040 _cCHAP
082 _a639.3084
_bC4
100 0 0 _aCeballos Orozco, María Luisa.
_920738
245 0 _aPerfiles de la alimentación de peces y crustáceos en los centros y unidades de producción acuícola en México
260 _aPachuca, Hgo. :
_bDirección General de Acuacultura,
_c1988
300 _a139 p.
_b: Gráfs.
590 _aBATCH-UPD
_b10
_c20130110
_lUCH01
_h0711
590 _aBATCH-UPD
_b10
_c20130410
_lUCH01
_h0357
590 _aBATCH-UPD
_b10
_c20130914
_lUCH01
_h1105
590 _aCONVERSION
_b10
_c20130109
_lUCH01
_h1338
650 1 4 _aCrustáceos
_xAlimentación.
_929268
650 1 4 _aPeces
_xAlimentación.
_986442
700 0 _aVelázquez Escobar, Miguel A.
_9118531
710 0 _aFAO.
901 _aBK
942 _cLIBRO
949 _a639.3084 C4
_bBC
_cLIBRO
_d-33436
_eLIBRO
_h71184
_i80532
_si
949 _a639.3084 C4
_bBC
_cLIBRO
_d-95407
_eLIBRO
_fc.2
_h71185
_i80532
_si
949 _a639.3084 C4
_bBC
_cLIBRO
_d-95408
_eLIBRO
_fc.3
_h71186
_i80532
_si
949 _a639.3084 C4
_bBC
_cLIBRO
_d-95410
_eLIBRO
_fc.4
_h71187
_i80532
_si
999 _c70006
_d70006